The alpha masters : (Record no. 20695)

MARC details
000 -LEADER
fixed length control field 02724cam a22002775a 4500
001 - CONTROL NUMBER
control field 17208283
003 - CONTROL NUMBER IDENTIFIER
control field OSt
005 - DATE AND TIME OF LATEST TRANSACTION
control field 20151117121210.0
008 - FIXED-LENGTH DATA ELEMENTS--GENERAL INFORMATION
fixed length control field 120313t2012 njua frb 001 0 eng d
020 ## - INTERNATIONAL STANDARD BOOK NUMBER
International Standard Book Number 9781118065525 (hardback)
020 ## - INTERNATIONAL STANDARD BOOK NUMBER
International Standard Book Number 1118065522 (hardback)
040 ## - CATALOGING SOURCE
Original cataloging agency DLC
Language of cataloging eng
Transcribing agency DLC
Modifying agency YDX
-- BTCTA
-- YDXCP
-- VP@
-- IK2
-- BWX
-- EG-ScBUE
082 04 - DEWEY DECIMAL CLASSIFICATION NUMBER
Classification number 332.64524
Edition number 22
Item number AHU
100 1# - MAIN ENTRY--PERSONAL NAME
Personal name Ahuja, Maneet,
Dates associated with a name 1984-
9 (RLIN) 38763
245 14 - TITLE STATEMENT
Title The alpha masters :
Remainder of title unlocking the genius of the world's top hedge funds /
Statement of responsibility, etc Maneet Ahuja.
260 ## - PUBLICATION, DISTRIBUTION, ETC. (IMPRINT)
Place of publication, distribution, etc Hoboken :
Name of publisher, distributor, etc John Wiley & Sons,
Date of publication, distribution, etc c.2012.
300 ## - PHYSICAL DESCRIPTION
Extent xxv, 245 p. :
Other physical details ill. ;
Dimensions 24 cm.
500 ## - GENERAL NOTE
General note Index : p. 241-245.
504 ## - BIBLIOGRAPHY, ETC. NOTE
Bibliography, etc Bibliography : p. 225-235.
520 ## - SUMMARY, ETC.
Summary, etc "The ultimate behind-the-curtain look at the hedge fund industry, unlocking the most valuable stories, secrets, and lessons directly from those who have played the game best.Written by Maneet Ahuja, the hedge fund industry insider, The Alpha Masters brings the secretive world of hedge funds into the light of day for the first time. As the authority that the biggest names in the business, including John Paulson, David Tepper, Bill Ackman, and David Einhorn, go to before breaking major news, Ahuja has access to the innermost workings of the hedge fund industry. For the first time, in Alpha Masters, Ahuja provides both institutional and savvy private investors with tangible, analytical insight into the psychology of the trade, the strategies and investment criteria serious money managers use to determine and evaluate their positions, and special guidance on how the reader can replicate this success themselves.There are few people with access to the inner chambers of the hedge fund industry, and as a result it remains practically uncharted financial territory. Alpha Masters changes all that, shedding light on star fund managers and how exactly they consistently outperform the market. The book: Contains easy-to-follow chapters that are broken down by strategy--Long/Short, Event Arbitrage, Value, Macro, Distressed, Quantitative, Commodities, Activist, pure Short, Fund of Funds. Includes insights from the biggest names in the trading game, including Ray Dalio, David Shaw, Marc Lasry, Jim Chanos, Sonia Gardner, Pierre Lagrange, and Tim Wong. Features contributions from industry icons Mohamed El-Erian and Myron Scholes. Many of the subjects profiled in this groundbreaking new book have never spoken so candidly about their field, providing extremely provocative, newsworthy analysis of today's investing landscape"--
650 #0 - SUBJECT ADDED ENTRY--TOPICAL TERM
Topical term or geographic name as entry element Hedge funds.
Source of heading or term BUEsh
650 #7 - SUBJECT ADDED ENTRY--TOPICAL TERM
Topical term or geographic name as entry element Investment advisors.
Source of heading or term BUEsh
9 (RLIN) 36917
651 ## - SUBJECT ADDED ENTRY--GEOGRAPHIC NAME
Source of heading or term BUEsh
653 ## - INDEX TERM--UNCONTROLLED
Resource For college BAEPS, Business Administration
Arrived date list August2015
-- November2015
942 ## - ADDED ENTRY ELEMENTS (KOHA)
Source of classification or shelving scheme Dewey Decimal Classification
Holdings
Withdrawn status Lost status Source of classification or shelving scheme Damaged status Not for loan Koha collection Home library Current library Shelving location Date acquired Source of acquisition Cost, normal purchase price Serial Enumeration / chronology Total Checkouts Full call number Barcode Date last seen Cost, replacement price Koha item type
    Dewey Decimal Classification     Baccah Central Library Central Library First floor 24/08/2015 Purchase 200.00 23317   332.64524 AHU 000039737 15/07/2025 250.00 Book - Borrowing